Ľubovňa je pre veľvyslanca ako rodný Vermont

Bibliographic Details
Format: Article
Language:Slovak
Subjects:
Online Access:http://www.staralubovna.sk/main.php?category_id=119&eventsPage=2&news_id=846

MARC

LEADER 00000nab a2200000 a 4500
001 vtls008846078
003 SK-MaSNL
005 20260303170200.0
008 060912 2006 xo w n 000 0 slo
015 |a SLLK2006  |2 sllk 
038 |a SLLK 
040 |a SLLK  |b slo  |c sllk  |e AACR2 
041 0 |a slo 
044 |a xo  |c SK 
080 |a 341.71  |2 1997 
245 0 0 |a Ľubovňa je pre veľvyslanca ako rodný Vermont  |c Text (dj), foto (pp) 
300 |b Fotogr. 
600 1 7 |a Vallee, Rodolphe M.  |c americký veľvyslanec  |2 snkbucl  |9 1033656 
610 1 7 |a Stará Ľubovňa (Slovensko).  |b Mesto   |2 snkbucl  |9 227851 
650 0 7 |a diplomatické návštevy  |2 snkbucl  |9 1193159 
651 7 |a Stará Ľubovňa (Slovensko)  |2 snkbucl  |9 19193 
773 0 |t Ľubovnianske noviny  |g Roč. XXXII, č. 35 (2006), s. 1 
852 |a SLLK  |b KIS3GCP 
856 4 |u http://www.staralubovna.sk/main.php?category_id=119&eventsPage=2&news_id=846 
999 |c 2075708  |d 2077638